Seinfeld Knowledge - Statistics

General Stats
  • This quiz has been taken 560 times
  • The average score is 7 of 15
Answer Stats
Hint Answer % Correct
What is the name of Kramer's rooster? Little Jerry
88%
Who plays the voice of George Steinbrenner? Larry David
80%
What is Jerry's favorite cookie? Black and white
76%
What is Kramer's mothers name? Babs
67%
Who is Elaine's nemesis? Sue Ellen
60%
Who is Jerry's dentist? Tim Whatley
58%
Who does Kramer punch at fantasy camp? Mickey Mantle
53%
What does Frank Costanza collect? TV Guide
48%
What is the Maestro's actual name? Bob Cobb
35%
Jerry's dad invented what? The belt less trench coat
31%
Who did Susan's father have an affair with? John Cheever
28%
In which episode does George become a hand model? The Puffy Shirt
24%
Where does George get his calzones from? Pizano's
15%
What law did the group break that sent them to jail? The good samaritan law
11%
What did Elaine give Jerry for his birthday? The complete works of Bette Midler
1%
No matching quizzes found
Score Distribution
Percent of People with Each Score
Percentile by Number Answered
Your Score History
You have not taken this quiz